Countries in the 2006 World Baseball Classic - Statistics

General Stats
  • This quiz has been taken 40 times
  • The average score is 13 of 16
Answer Stats
Pool A % Correct
United States
100%
Canada
93%
Cuba
93%
Dominican Republic
93%
Japan
93%
Mexico
90%
South Korea
90%
Venezuela
86%
China
83%
Australia
79%
Chinese Taipei
76%
Puerto Rico
76%
Italy
72%
Netherlands
72%
Panama
62%
South Africa
45%
No matching quizzes found
Score Distribution
Percent of People with Each Score
Percentile by Number Answered
Your Score History
You have not taken this quiz